000 00486nam a22001817a 4500
003 MPLRDC
005 20220104114707.0
008 210129b ||||| |||| 00| 0 eng d
020 _a7-207-03063-0
082 _a046 SLS
100 _a孙丽霜、刘法文、娄雪清编译
245 _a二十世纪环球热点事件
_c
250 _a一版一刷
260 _a
_b黑龙江人民出版社
_c1994
300 _b
650 _a类书; 百科全书--杂录
942 _cBK
_o046 SLS
999 _c9491
_d9481